[Event "FICGS class M 000019 email"]
[Site "FICGS email"]
[Date "2022.08.04"]
[Round "1"]
[White "Lounek, Jan"]
[Black "Eldridge, Mark"]
[Result "1/2-1/2"]
[WhiteElo "2486"]
[BlackElo "2508"]
[PlyCount "49"]
[EventDate "2022.??.??"]
[EventType "tourn (corr)"]
[EventRounds "1"]
[SourceTitle "Corr 2024"]
[Source "ChessBase"]
[SourceDate "2023.10.19"]
[SourceVersion "1"]
[SourceVersionDate "2023.10.19"]
[SourceQuality "1"]

1. e4 c5 2. Nf3 d6 3. d4 cxd4 4. Nxd4 Nf6 5. Nc3 a6 6. Be3 e5 7. Nb3 Be6 8. f3 h5 9. Nd5 Bxd5 10. exd5 Nbd7 11. Qd2 g6 12. Be2 Bg7 13. 0-0 b6 14. Kh1 0-0 15. Rad1 Re8 16. g4 hxg4 17. fxg4 Ne4 18. Qb4 Ndc5 19. Nxc5 Nxc5 20. g5 e4 21. b3 b5 22. Bxc5 dxc5 23. Qxc5 Re5 24. Qf2 Rf5 25. Qe3 1/2-1/2

[Event "FICGS class M 000019 email"]
[Site "FICGS email"]
[Date "2022.08.04"]
[Round "1"]
[White "Ortiz, Clodomiro"]
[Black "Eldridge, Mark"]
[Result "1/2-1/2"]
[WhiteElo "2392"]
[BlackElo "2508"]
[PlyCount "51"]
[EventDate "2022.??.??"]
[EventType "tourn (corr)"]
[EventRounds "1"]
[SourceTitle "Corr 2024"]
[Source "ChessBase"]
[SourceDate "2023.10.19"]
[SourceVersion "1"]
[SourceVersionDate "2023.10.19"]
[SourceQuality "1"]

1. d4 d5 2. c4 c6 3. Nf3 Nf6 4. Nc3 e6 5. e3 Nbd7 6. Qc2 Bd6 7. Bd3 0-0 8. 0-0 dxc4 9. Bxc4 b5 10. Bd3 Bb7 11. e4 e5 12. h3 exd4 13. Nxd4 Re8 14. Nf5 Bf8 15. Rd1 b4 16. Na4 c5 17. f3 Qc7 18. b3 Ne5 19. Bb5 Re6 20. Qf2 Nxe4 21. fxe4 Bxe4 22. Nh4 c4 23. Bf4 Qb7 24. bxc4 Nd3 25. Rxd3 Bxd3 26. Nc5 1/2-1/2

[Event "FICGS class GM 000011 email"]
[Site "FICGS email"]
[Date "2022.07.17"]
[Round "1"]
[White "Eldridge, Mark"]
[Black "Kruse, Herbert"]
[Result "1/2-1/2"]
[WhiteElo "2508"]
[BlackElo "2493"]
[PlyCount "42"]
[EventDate "2022.??.??"]
[EventType "tourn (corr)"]
[EventRounds "6"]
[EventCategory "11"]
[SourceTitle "Corr 2024"]
[Source "ChessBase"]
[SourceDate "2023.10.19"]
[SourceVersion "1"]
[SourceVersionDate "2023.10.19"]
[SourceQuality "1"]

1. d4 Nf6 2. c4 e6 3. Nf3 b6 4. g3 Ba6 5. b3 Bb4+ 6. Bd2 Be7 7. Bg2 c6 8. Bc3 d5 9. Nbd2 Nbd7 10. 0-0 0-0 11. Re1 Bb7 12. e4 dxe4 13. Nxe4 c5 14. Nfg5 cxd4 15. Bxd4 Qc7 16. Nxf6+ Bxf6 17. Bxb7 Qxb7 18. Bxf6 Nxf6 19. Qe2 h6 20. Nf3 Rfd8 21. Rad1 a6 1/2-1/2

[Event "FICGS class GM 000011 email"]
[Site "FICGS email"]
[Date "2022.07.17"]
[Round "1"]
[White "Eldridge, Mark"]
[Black "Szczepanski, Zbigniew"]
[Result "1/2-1/2"]
[WhiteElo "2508"]
[BlackElo "2486"]
[PlyCount "48"]
[EventDate "2022.??.??"]
[EventType "tourn (corr)"]
[EventRounds "6"]
[EventCategory "11"]
[SourceTitle "Corr 2024"]
[Source "ChessBase"]
[SourceDate "2023.10.19"]
[SourceVersion "1"]
[SourceVersionDate "2023.10.19"]
[SourceQuality "1"]

1. e4 e5 2. Nf3 Nc6 3. Bb5 Nf6 4. 0-0 Nxe4 5. d4 Nd6 6. Bxc6 dxc6 7. dxe5 Nf5 8. Qxd8+ Kxd8 9. Nc3 Bd7 10. h3 h6 11. b3 c5 12. Nd5 a5 13. a4 Nd4 14. Nxd4 cxd4 15. Bb2 c5 16. c3 Be6 17. Nf4 Bxb3 18. cxd4 c4 19. Nd5 Bb4 20. Bc3 Kd7 21. Nxb4 axb4 22. Bxb4 Rxa4 23. Rxa4 Bxa4 24. d5 Bb3 1/2-1/2

[Event "FICGS class GM 000011 email"]
[Site "FICGS email"]
[Date "2022.07.17"]
[Round "1"]
[White "Marciz, Alexander"]
[Black "Eldridge, Mark"]
[Result "1/2-1/2"]
[WhiteElo "2505"]
[BlackElo "2508"]
[PlyCount "61"]
[EventDate "2022.??.??"]
[EventType "tourn (corr)"]
[EventRounds "6"]
[EventCategory "11"]
[SourceTitle "Corr 2024"]
[Source "ChessBase"]
[SourceDate "2023.10.19"]
[SourceVersion "1"]
[SourceVersionDate "2023.10.19"]
[SourceQuality "1"]

1. e4 c5 2. Nf3 d6 3. d4 cxd4 4. Nxd4 Nf6 5. Nc3 a6 6. h3 e5 7. Nde2 h5 8. Bg5 Be6 9. Bxf6 Qxf6 10. Qd3 Qd8 11. 0-0-0 Nd7 12. Kb1 Nc5 13. Qf3 Rc8 14. a3 Be7 15. Nd5 Na4 16. Nec3 Nxc3+ 17. Nxc3 b5 18. Qe3 Qc7 19. Bd3 Qc5 20. Nd5 Bxd5 21. exd5 g6 22. Qxc5 Rxc5 23. b4 Rc3 24. Kb2 Rc7 25. Kb3 0-0 26. c4 e4 27. Be2 bxc4+ 28. Bxc4 a5 29. Ba6 axb4 30. axb4 Ra7 31. b5 1/2-1/2

[Event "FICGS class GM 000003 email"]
[Site "FICGS email"]
[Date "2020.06.08"]
[Round "1"]
[White "Bernal Varela, Nelson"]
[Black "Eldridge, Mark"]
[Result "1/2-1/2"]
[WhiteElo "2503"]
[BlackElo "2541"]
[PlyCount "66"]
[EventDate "2020.??.??"]
[EventType "tourn (corr)"]
[EventRounds "6"]
[EventCategory "11"]
[SourceTitle "Corr 2022"]
[Source "ChessBase"]
[SourceDate "2021.10.24"]
[SourceVersion "1"]
[SourceVersionDate "2021.10.24"]
[SourceQuality "1"]

1. e4 e5 2. Nf3 Nc6 3. Bb5 Nf6 4. d3 Bc5 5. Bxc6 dxc6 6. 0-0 Nd7 7. Nc3 a5 8. Ne2 a4 9. Bd2 Bd6 10. b4 c5 11. b5 Nf8 12. Be3 Ng6 13. Nd2 0-0 14. Nc3 b6 15. f3 Be7 16. a3 Be6 17. Nc4 Qd7 18. Qe2 f5 19. exf5 Bxf5 20. Rad1 Bf6 21. Rfe1 h6 22. Bf2 Rae8 23. Qd2 Bg5 24. Be3 Bf6 25. Bf2 Nf4 26. Bg3 g5 27. Ne3 Be6 28. Ne4 Bg7 29. c4 Qf7 30. Qc2 Ra8 31. Ng4 Qf5 32. Ngf2 Bc8 33. Re3 Qd7 1/2-1/2

[Event "FICGS class GM 000003 email"]
[Site "FICGS email"]
[Date "2020.06.08"]
[Round "1"]
[White "Eldridge, Mark"]
[Black "Wosch, Arkadiusz Janusz"]
[Result "1/2-1/2"]
[WhiteElo "2541"]
[BlackElo "2475"]
[PlyCount "49"]
[EventDate "2020.??.??"]
[EventType "tourn (corr)"]
[EventRounds "6"]
[EventCategory "11"]
[SourceTitle "Corr 2022"]
[Source "ChessBase"]
[SourceDate "2021.10.24"]
[SourceVersion "1"]
[SourceVersionDate "2021.10.24"]
[SourceQuality "1"]

1. e4 c5 2. Nf3 Nc6 3. d4 cxd4 4. Nxd4 Nf6 5. Nc3 d6 6. Bg5 e6 7. Qd2 a6 8. 0-0-0 Bd7 9. f4 Be7 10. Nf3 b5 11. Bxf6 gxf6 12. Kb1 Qb6 13. Bd3 0-0-0 14. Rhe1 Kb8 15. Nd5 exd5 16. exd5 Ne5 17. fxe5 fxe5 18. Qh6 Qc5 19. Qh5 Rdf8 20. Bf5 Qc8 21. Bxd7 Qxd7 22. g3 Bd8 23. Re3 Rhg8 24. Rc3 f5 25. a3 1/2-1/2

[Event "FICGS class M 000006 email"]
[Site "FICGS email"]
[Date "2020.05.12"]
[Round "1"]
[White "Eldridge, Mark"]
[Black "Kruse, Herbert"]
[Result "1/2-1/2"]
[WhiteElo "2541"]
[BlackElo "2564"]
[PlyCount "22"]
[EventDate "2020.??.??"]
[EventType "tourn (corr)"]
[EventRounds "1"]
[SourceTitle "Corr 2024"]
[Source "ChessBase"]
[SourceDate "2023.10.19"]
[SourceVersion "1"]
[SourceVersionDate "2023.10.19"]
[SourceQuality "1"]

1. e4 e5 2. Nf3 Nc6 3. Bc4 Nf6 4. d3 Bc5 5. c3 d6 6. 0-0 0-0 7. Nbd2 a5 8. Re1 Be6 9. b3 Ng4 10. Re2 Nf6 11. h3 h6 1/2-1/2

[Event "FICGS class M 000006 email"]
[Site "FICGS email"]
[Date "2020.05.12"]
[Round "1"]
[White "Eldridge, Mark"]
[Black "Larwinski, Paul"]
[Result "1/2-1/2"]
[WhiteElo "2541"]
[BlackElo "2431"]
[PlyCount "54"]
[EventDate "2020.??.??"]
[EventType "tourn (corr)"]
[EventRounds "1"]
[SourceTitle "Corr 2024"]
[Source "ChessBase"]
[SourceDate "2023.10.19"]
[SourceVersion "1"]
[SourceVersionDate "2023.10.19"]
[SourceQuality "1"]

1. Nf3 Nf6 2. c4 e6 3. Nc3 d5 4. d4 Be7 5. Bf4 0-0 6. e3 Nbd7 7. c5 Nh5 8. Bd3 Nxf4 9. exf4 b6 10. b4 a5 11. a3 c6 12. 0-0 Qc7 13. g3 Ba6 14. Bxa6 Rxa6 15. Qe2 Rfa8 16. b5 cxb5 17. Nxd5 exd5 18. Qxe7 Rc8 19. Rab1 bxc5 20. Rxb5 Re6 21. Qg5 h6 22. Qf5 Rf6 23. Qg4 Rc6 24. Qf5 g6 25. Qxd5 Rd6 26. Qc4 cxd4 27. Qxc7 Rxc7 1/2-1/2

[Event "FICGS class M 000006 email"]
[Site "FICGS email"]
[Date "2020.05.12"]
[Round "1"]
[White "Marciz, Alexander"]
[Black "Eldridge, Mark"]
[Result "1/2-1/2"]
[WhiteElo "2365"]
[BlackElo "2541"]
[PlyCount "75"]
[EventDate "2020.??.??"]
[EventType "tourn (corr)"]
[EventRounds "1"]
[SourceTitle "Corr 2024"]
[Source "ChessBase"]
[SourceDate "2023.10.19"]
[SourceVersion "1"]
[SourceVersionDate "2023.10.19"]
[SourceQuality "1"]

1. d4 Nf6 2. c4 e6 3. g3 d5 4. Bg2 Bb4+ 5. Bd2 Be7 6. Nf3 0-0 7. Qc2 c6 8. 0-0 b6 9. Rd1 Bb7 10. b3 dxc4 11. bxc4 c5 12. dxc5 Qc8 13. cxb6 axb6 14. Qb3 Ne4 15. Bb4 Nc5 16. Qc2 Be4 17. Qc1 Ra4 18. Qb2 Nd3 19. exd3 Rxb4 20. Qc3 Rd8 21. Na3 Bc6 22. Rac1 Nd7 23. Ne1 Bxg2 24. Kxg2 Qa8+ 25. Kg1 Ra4 26. Nb5 Bb4 27. Qc2 Rxa2 28. Qb1 Bd2 29. Nc3 Bxc1 30. Qxa2 Qxa2 31. Nxa2 Ba3 32. Rb1 Bf8 33. Nb4 g5 34. Kf1 f6 35. f4 gxf4 36. gxf4 Ra8 37. Nf3 Ra4 38. Nc2 1/2-1/2

[Event "FICGS W-ch KO final email"]
[Site "FICGS email"]
[Date "2020.04.08"]
[Round "1"]
[White "Eldridge, Mark"]
[Black "Ortiz, Clodomiro"]
[Result "1/2-1/2"]
[WhiteElo "2529"]
[BlackElo "2447"]
[PlyCount "62"]
[EventDate "2020.??.??"]
[EventType "match (corr)"]
[EventRounds "3"]
[SourceTitle "Corr 2024"]
[Source "ChessBase"]
[SourceDate "2023.10.19"]
[SourceVersion "1"]
[SourceVersionDate "2023.10.19"]
[SourceQuality "1"]

1. d4 Nf6 2. c4 e6 3. Nf3 d5 4. Nc3 Be7 5. Bg5 h6 6. Bh4 0-0 7. e3 b6 8. Be2 Bb7 9. Bxf6 Bxf6 10. cxd5 exd5 11. b4 c6 12. 0-0 Re8 13. Qb3 a5 14. a3 axb4 15. axb4 Rxa1 16. Rxa1 b5 17. Na2 Be7 18. Nc1 Bd6 19. Nd3 Nd7 20. Ra7 Qb8 21. Qa3 Nb6 22. Nc5 Bc8 23. Qa5 Kf8 24. Nd3 Nc4 25. Qa1 Re7 26. Ra8 Qc7 27. h3 Nb6 28. Ra2 Nc4 29. Nc5 Kg8 30. Ra8 Nb6 31. Ra2 g6 1/2-1/2

[Event "FICGS W-ch KO final email"]
[Site "FICGS email"]
[Date "2020.04.08"]
[Round "1"]
[White "Wosch, Arkadiusz"]
[Black "Eldridge, Mark"]
[Result "1/2-1/2"]
[WhiteElo "2481"]
[BlackElo "2529"]
[PlyCount "60"]
[EventDate "2020.??.??"]
[EventType "match (corr)"]
[EventRounds "3"]
[SourceTitle "Corr 2024"]
[Source "ChessBase"]
[SourceDate "2023.10.19"]
[SourceVersion "1"]
[SourceVersionDate "2023.10.19"]
[SourceQuality "1"]

1. e4 e5 2. Nf3 Nc6 3. Bc4 Bc5 4. c3 Nf6 5. d3 d6 6. 0-0 0-0 7. h3 a5 8. Bb5 Ne7 9. d4 Bb6 10. Re1 d5 11. Nxe5 Nxe4 12. Bd3 Bf5 13. Bxe4 Bxe4 14. Bf4 Bf5 15. g4 f6 16. Nc4 dxc4 17. gxf5 Nxf5 18. Qe2 Qd7 19. Qxc4+ Rf7 20. Re2 g5 21. Bh2 Re8 22. Rxe8+ Qxe8 23. Nd2 c6 24. Kf1 Qd7 25. Re1 Kg7 26. a4 Bd8 27. Qe6 Qxe6 28. Rxe6 Rd7 29. Nb3 Kf7 30. Nc5 Rd5 1/2-1/2

[Event "FICGS class SM 000022 email"]
[Site "FICGS email"]
[Date "2018.12.14"]
[Round "1"]
[White "Kruse, Herbert"]
[Black "Eldridge, Mark"]
[Result "1/2-1/2"]
[WhiteElo "2650"]
[BlackElo "2424"]
[PlyCount "97"]
[EventDate "2018.??.??"]
[EventType "tourn (corr)"]
[EventRounds "6"]
[EventCategory "7"]
[SourceTitle "Corr 2022"]
[Source "ChessBase"]
[SourceDate "2021.10.24"]
[SourceVersion "1"]
[SourceVersionDate "2021.10.24"]
[SourceQuality "1"]

1. Nf3 Nf6 2. g3 g6 3. Bg2 Bg7 4. 0-0 0-0 5. d4 d6 6. c4 Nc6 7. Nc3 a6 8. b3 Rb8 9. d5 Na5 10. Bd2 c5 11. dxc6 Nxc6 12. Rc1 Bf5 13. Nd5 Be4 14. Nc3 Bf5 15. Ng5 Bd7 16. Nge4 Nxe4 17. Nxe4 Ne5 18. Bf4 Bc6 19. Qd2 Qd7 20. Nc3 Rbd8 21. Rfd1 f5 22. Nd5 e6 23. Nb4 Bxg2 24. Kxg2 Qf7 25. a4 Rfe8 26. Be3 Bf8 27. Nd3 Nd7 28. f3 Ra8 29. Bh6 Bxh6 30. Qxh6 e5 31. Nb4 Re6 32. Nd5 Rf8 33. Nc7 Rf6 34. Nd5 Re6 35. Rc3 f4 36. Nc7 Re7 37. Nd5 Ree8 38. Nc7 Re7 39. Nd5 Ree8 40. b4 e4 41. Qxf4 exf3+ 42. Qxf3 Qg7 43. Qd3 a5 44. bxa5 Qf7 45. Qf3 Qg7 46. Qd3 Qf7 47. Nf4 g5 48. Nh3 h6 49. Ng1 1/2-1/2